Tanda pemikiran dan tanda emosi dalam Sangeetha : kajian semiotik /
Saved in:
| Main Author: | |
|---|---|
| Format: | Thesis Book |
| Language: | Malay |
| Published: |
2008.
|
| Subjects: | |
| Tags: |
Add Tag
No Tags, Be the first to tag this record!
|
| LEADER | 01229cam a2200301 a 4500 | ||
|---|---|---|---|
| 001 | u793642 | ||
| 003 | SIRSI | ||
| 005 | 201006221421 | ||
| 008 | 100622s2008 my a t 000 0 may m | ||
| 040 | |a UMM | ||
| 043 | |a a-my--- | ||
| 090 | |a PL5065 |b UM 2008 Tuazw | ||
| 100 | 0 | |a Tuan Zainab Wi. | |
| 245 | 1 | 0 | |a Tanda pemikiran dan tanda emosi dalam Sangeetha : |b kajian semiotik / |c Tuan Zainab Wi. |
| 260 | |c 2008. | ||
| 300 | |a xiv, 221 leaves : |b ill. ; |c 30 cm. | ||
| 502 | |a Dissertation (M.Malay.Stud.) -- Akademi Pengajian Melayu, Universiti Malaya, 2009. | ||
| 504 | |a Bibliography: leaves 213-221. | ||
| 650 | 0 | |a Deconstruction. | |
| 650 | 0 | |a Symbolism in literature |x History and criticism. | |
| 650 | 0 | |a Semiotics and literature |z Malaysia. | |
| 650 | 0 | |a Malay fiction |y 20th century |x Criticism, Textual. | |
| 650 | 0 | |a Discourse analysis, Narrative |z Malaysia. | |
| 710 | 2 | 0 | |a Universiti Malaya. |b Akademi Pengajian Melayu. |
| 900 | |a ZA | ||
| 596 | |a 1 23 | ||
| 999 | |a PL5065 UM 2008 TUAZW |w LC |c 1 |i A514398949 |d 10/11/2017 |e 10/11/2017 |f 28/3/2011 |g 1 |l STACKS |m P01UTAMA |n 37 |r Y |s Y |t TESIS |u 25/3/2011 | ||
| 999 | |a PL5065 UM 2008 TUAZW |w LC |c 1 |i A515074312 |d 12/5/2015 |e 12/5/2015 |f 20/4/2012 |g 1 |l STACKS |m P23MELAYU |n 1 |r Y |s Y |t TESIS |u 18/4/2012 | ||
